000 01118nam a22003377a 4500
001 BR9506223
003 BR-BrBNA
005 20230928095447.0
007 ta
008 230509b bl.||||| |||| 00| 0 por d
040 _aBR-BrBNA
_bpor
_cBiblioteca Nacional de Agricultura
041 _a(Por)
072 _aA01; E14
090 _ A01 BR9506223
100 1 _aBitoun, J.
100 1 _aGuimaraes Neto, L.
100 1 _aAraujo, T.B. de
110 1 _aInternational Comission on Irrigation and Drainage, New Delhi (India)
_96608
111 1 _aConferencia Internacional sobre Impactos de Variacoes Climaticas e Desenvolvimento Sustentavel em Regioes Semi-Aridas
_cFortaleza, CE (Brazil)
_d27 Jan-01 Feb 1992
245 1 _aNordeste e Amazonia: articulacao economica e territorial e impactos sociais e ambientais
260 3 _aNew Delhi (India):
_c1992.
300 _a55 p.
500 _a36 ref.
650 _aDesenvolvimento Economico
650 _aDesenvolvimento Social
650 _aMeio Ambiente
650 _aNordeste
650 _aAmazonia
909 _a202309
_bLucia
_c55
_dLucia Elande
942 _cBK
999 _c56694
_d56694